| 000 | 00969nam a2200277 i 4500 | ||
|---|---|---|---|
| 003 | DO-SdBNP | ||
| 005 | 20260129125203.0 | ||
| 007 | ta | ||
| 008 | 210823b2004 dr ||||| |||| 00| 0 eng d | ||
| 040 |
_aDO-SdBNP _bspa _cBNPHU _erda |
||
| 041 | _aspa | ||
| 082 | 4 |
_axxxx _bR426L _222 |
|
| 110 | 1 |
_aRepública Dominicana. _9447 |
|
| 240 | 1 | 0 | _a[Leyes, etc.] |
| 245 | 1 | 0 |
_aLey No. 20-00, sobre propiedad industrial G.O. 10044 y su : _breglamento de aplicación establecido por el decreto No. 599-01 y modificado por el decreto 180-03 G. O. 10206 / |
| 264 | 1 |
_aSanto Domingo : _b[editor no identificado], _c2004. |
|
| 300 |
_a118 páginas ; _c21 cm. |
||
| 336 |
_atexto _btxt _2rdacontent |
||
| 337 |
_asin mediación _bn _2rdamedia |
||
| 338 |
_avolumen _bnc _2rdacarrier |
||
| 590 | _aInventariado, 2023/ YL | ||
| 650 | 4 |
_aSeguridad social _xLegislación _zRepública Dominicana _914351 |
|
| 650 | 0 |
_aLegislación social _91149 |
|
| 910 | _aYLockward | ||
| 942 |
_2ddc _cLBS1 |
||
| 999 |
_c54456 _d54456 |
||